000 01129nam a22003377a 4500
001 BR2015003623
003 BR-BrBNA
005 20230928104645.0
007 ta
008 230509b bl.||||| |||| 00| 0 por d
040 _aBR-BrBNA
_bpor
_cBiblioteca Nacional de Agricultura
041 _a(Por)
072 _aL74; L53
_b5214
090 _ 5214 BR2015003623
100 1 _aMoura, G.S.
110 1 _aUniversidade Federal de Minas Gerais, Belo Horizonte (Brasil). Escola de Veterinária
_0Tese (Mestrado)
245 1 _aEstudo clínico-andrológico e genético-molecular da subfertilidade em touros da raça Gir leiteiro (Bos taurus indicus)no estado de Minas Gerais
260 3 _aBelo Horizonte, MG (Brasil):
_c2013.
300 _a95 p.
500 _aSummaries (Eng, Por); Several bibliography; 7 illus.; 14 tables
650 _aGADO LEITEIRO
650 _aGADO GIR
650 _aTESTÍCULO
650 _aREPRODUÇÃO ANIMAL
650 _aGENÉTICA MOLECULAR
650 _aDISTÚRBIO ANIMAL
650 _aVETERINÁRIA
650 _aFERTILIDADE ANIMAL
909 _a202309
_bLucia
_c55
_dLucia Elande
942 _cBK
999 _c81065
_d81065